Faktory znalostně založené konkurenceschopnosti

Porovnanie Slovenskej republiky v rámci krajín EÚ 26 v štyroch základných oblastiach kvalitatívnej konkurencieschopnosti - inovačná výkonnosť, kvalita ľudských zdrojov, kvalita správy a podnikového prostredia a kvalita komunikačnej a informačnej infraštruktúry. Identifikácia zaostávania slovenskej e...

Full description

Saved in:
Bibliographic Details
Main Author: Veselková, Alexandra
Format: Book Chapter
Language:Czech
Subjects:
Tags: Add Tag
No Tags, Be the first to tag this record!

MARC

LEADER 00000nla$a2200000$$$4500
001 0067448
005 20240502083201.6
041 0 |a cze 
044 |a CZ 
245 1 0 |a Faktory znalostně založené konkurenceschopnosti  |c Alexandra Veselková 
520 |a Porovnanie Slovenskej republiky v rámci krajín EÚ 26 v štyroch základných oblastiach kvalitatívnej konkurencieschopnosti - inovačná výkonnosť, kvalita ľudských zdrojov, kvalita správy a podnikového prostredia a kvalita komunikačnej a informačnej infraštruktúry. Identifikácia zaostávania slovenskej ekonomiky podľa vybraných zložiek znalostne ekonomického indexu (knowledge economy index KEI). Doporučenia pre hospodársku politiku v oblasti podpory znalostne založenej konkurencieschopnosti. 
610 2 0 |a konkurencieschopnosť 
610 2 0 |a spoločnosť vedomostná 
610 2 0 |a inovácia 
610 2 0 |a prostredie podnikateľské 
610 2 0 |a zdroje ľudské 
610 2 0 |a technológie informačné 
610 2 0 |a technológie komunikačné 
610 2 0 |a vzdelávanie 
610 2 0 |a výskum 
610 2 0 |a Slovensko 
610 2 0 |a Európska únia 
100 1 |a Veselková, Alexandra